|
|
|
|
| LEADER |
00817cam a2200241 a 4500 |
| 001 |
0000148611 |
| 005 |
20230607090000.0 |
| 040 |
|
|
|a mod
|
| 041 |
|
|
|a eng
|
| 020 |
|
|
|a 9789670622798
|
| 090 |
0 |
0 |
|a 615.32109595
|b HER
|e 2016
|
| 245 |
0 |
0 |
|a Herba emas negara
|c Editor Mastura Mohtar, Nik Zanariah Nik Mahmood & Norini Haron
|
| 260 |
|
|
|a Kepong, Selangor
|b Institut Penyelidikan Perhutanan Malaysia (FRIM)
|c 2016
|
| 300 |
|
|
|a 233 p.
|b col.ill.
|c 26 cm
|
| 504 |
|
|
|a Includes bibliographical references and index
|
| 650 |
0 |
0 |
|a Herbals Malaysia
|
| 650 |
0 |
0 |
|a Medicinal plants Malaysia
|
| 650 |
0 |
0 |
|a Herbs Therapeutic use Malaysia
|
| 700 |
0 |
|
|a Norini Haron
|
| 700 |
0 |
|
|a Nik Zanariah Nik Mahmood
|
| 700 |
0 |
|
|a Mastura Mohtar
|
| 852 |
0 |
0 |
|a 01
|
| 999 |
|
|
|a H0025746
|b KEMENTAH
|d BOOKS
|e Umum
|f Perpustakaan KEMENTAH
|j AVAILABLE
|q GOOD CONDITION
|